Où suis-je sur la carte ? #1 - Statistiques

Statistiques générales
  • Ce quiz a été pris 2 287 fois
  • Le résultat moyen est 6 sur 10
Réponses sur la Carte
Les réponses sont colorées sur une échelle allant du rouge au vert en fonction du pourcentage des utilisateurs qui les ont devinées à leur premier essai. Vous pouvez retrouver ces pourcentages ci-dessous.
 
Statistiques - réponses
Réponse % Correct
Londres
98%
Mexico
84%
Canberra
65%
Brasilia
63%
New Delhi
61%
Rabat
58%
Jakarta
57%
Panama
46%
Tripoli
40%
Sarajevo
27%
Aucun quiz correspondant
Distribution des résultats
% des personnes avec chaque résultat
Percentile par nombre de réponses
Votre historique - résultats
Vous n’avez pas pris ce quiz